The money masters /

Bibliographic Details
Main Author: Train, John
Format: Book
Language:English
Published: New York : Harper & Row, [1980]
Edition:1st ed.
Subjects:

MARC

Tag First Indicator Second Indicator Subfields
LEADER 00000cam a22000008i 4500
001 in00000097303
005 20150925114707.0
008 790628s1980 nyu 00110ceng
010 |a  78020192  
020 |a 0060143738 :  |c $9.95 
035 |a (OCoLC)05172515 
035 |9 AAL2759AM 
040 |a DLC  |c DLC  |d TXA  |d UtOrBLW 
043 |a n-us--- 
049 |a TXAM  |c [1191221] 
050 0 0 |a HG172.A2  |b T7 1980 
082 0 |a 332.6/092/2  |a B 
100 1 |a Train, John. 
245 1 4 |a The money masters /  |c by John Train. 
250 |a 1st ed. 
263 |a 7910 
264 1 |a New York :  |b Harper & Row,  |c [1980] 
264 4 |c ©1980 
300 |a xv, 296 pages ;  |c 22 cm. 
336 |a text  |b txt  |2 rdacontent 
337 |a unmediated  |b n  |2 rdamedia 
338 |a volume  |b nc  |2 rdacarrier 
500 |a Includes index. 
650 0 |a Capitalists and financiers  |z United States  |v Biography. 
650 0 |a Investments  |z United States. 
999 |a MARS 
999 f f |s 348ad874-1b97-38ea-b338-d4e5d351e861  |i 561db3ff-009d-32a9-9810-ef1e6187d017  |t 0 
952 f f |p ric  |a Texas A&M University  |b Rellis Campus  |c Joint Library Facility  |d Remote Storage  |t 0  |e HG172.A2 T7 1980  |h Library of Congress classification  |i unmediated -- volume  |m A14802858414 
998 f f |a HG172.A2 T7 1980  |t 0  |l Remote Storage